Countries with Stars on Their Flag - Statistics

General Stats
  • This quiz has been taken 2,164 times
    1,154 since last reset
  • The average score is 32 of 68
Answer Stats
# country % Correct
50 United States
93%
6 Australia
83%
5 China
83%
27 Brazil
81%
4 New Zealand
77%
1 Vietnam
72%
1 Turkey
69%
1 Algeria
63%
1 Somalia
62%
1 Pakistan
58%
1 Chile
57%
1 Tunisia
57%
1 Morocco
56%
12 Uzbekistan
56%
8 Venezuela
56%
9 Tuvalu
55%
1 Ghana
54%
1 Malaysia
54%
2 Syria
54%
1 Democratic Republic of the Congo
51%
1 Israel
51%
1 Libya
51%
1 Senegal
51%
5 Turkmenistan
51%
1 Azerbaijan
50%
1 Cuba
50%
1 Myanmar
50%
2 Panama
50%
4 Micronesia
49%
5 Singapore
49%
1 Cameroon
48%
5 Honduras
48%
1 North Korea
48%
1 Liberia
47%
1 Jordan
46%
1 Ethiopia
45%
1 Angola
44%
9 Bosnia and Herzegovina
44%
1 Nauru
44%
5 Samoa
44%
7 Tajikistan
44%
1 Marshall Islands
42%
5 Solomon Islands
42%
2 St Kitts and Nevis
42%
4 Comoros
41%
1 Burkina Faso
40%
1 Mauritania
40%
5 Papua New Guinea
40%
1 Zimbabwe
40%
10 Cabo Verde
39%
1 Djibouti
39%
1 Togo
39%
3 Burundi
38%
2 São Tomé and Príncipe
38%
10 Dominica
37%
1 Guinea-Bissau
37%
1 South Sudan
37%
1 Suriname
37%
6 Kosovo
36%
3 Philippines
36%
1 Central African Republic
35%
1 Mozambique
32%
1 Timor-Leste
32%
7 Grenada
31%
1 Aruba
12%
15 Cook Islands
11%
2 Curaçao
9%
5 Niue
8%
No matching quizzes found
Score Distribution
Percent of People with Each Score
Percentile by Number Answered
Your Score History
You have not taken this quiz since the last reset